Factors that influence student's choice to enroll in accounting program: (Record no. 13892)
[ view plain ]
| 000 -LEADER | |
|---|---|
| fixed length control field | 00632nam a22001577a 4500 |
| 008 - FIXED-LENGTH DATA ELEMENTS--GENERAL INFORMATION | |
| fixed length control field | 190508b ||||| |||| 00| 0 eng d |
| 082 ## - DEWEY DECIMAL CLASSIFICATION NUMBER | |
| Edition number | 2019 |
| Classification number | UT 1286 |
| Item number | M27 |
| 100 ## - MAIN ENTRY--PERSONAL NAME | |
| Personal name | Mangotara, Noraima D. |
| 9 (RLIN) | 38680 |
| 245 ## - TITLE STATEMENT | |
| Title | Factors that influence student's choice to enroll in accounting program: |
| Remainder of title | basis for intervention program / |
| Statement of responsibility, etc. | Noraima D. Mangotara, Ronalie S. Caballero, and Rea Tanga-an. |
| 260 ## - PUBLICATION, DISTRIBUTION, ETC. (IMPRINT) | |
| Place of publication, distribution, etc. | Digos City: |
| Name of publisher, distributor, etc. | UMDC, |
| Date of publication, distribution, etc. | March 2019. |
| 300 ## - PHYSICAL DESCRIPTION | |
| Extent | 57 pages; |
| Dimensions | 30 cm. |
| 650 ## - SUBJECT ADDED ENTRY--TOPICAL TERM | |
| Topical term or geographic name as entry element | Accounting Technology |
| General subdivision | Undergraduate thesis. |
| 9 (RLIN) | 38671 |
| 700 ## - ADDED ENTRY--PERSONAL NAME | |
| Personal name | Caballero, Ronalie S. |
| 9 (RLIN) | 38681 |
| 700 ## - ADDED ENTRY--PERSONAL NAME | |
| Personal name | Tanga-an, Rea. |
| 9 (RLIN) | 38682 |
| 942 ## - ADDED ENTRY ELEMENTS (KOHA) | |
| Source of classification or shelving scheme | Dewey Decimal Classification |
| Koha item type | Undergraduate Thesis |
| Withdrawn status | Lost status | Source of classification or shelving scheme | Damaged status | Not for loan | Home library | Current library | Date acquired | Total Checkouts | Full call number | Barcode | Date last seen | Copy number | Price effective from | Koha item type |
|---|---|---|---|---|---|---|---|---|---|---|---|---|---|---|
| Dewey Decimal Classification | UM Digos College - LIC | UM Digos College - LIC | 04/23/2019 | UT 1286 M27 2019 | UT1286 | 05/08/2019 | 1 | 05/08/2019 | Undergraduate Thesis |
